00332nam a2200145Ia 4500003000900000008004100009040001300050040001300063100002100076245003800097250002200135260001500157300000800172490000600180IT-RoPAU120407s9999 xx 000 0 und d aIT-RoPAU cIT-RoPAU aLeopold Sabourin aChristology: basic texts in focus aStaten Island, NY aAlba House c cm v1